00623nam a2200205 a 45000010008000000030004000080050017000120080041000290100017000700200015000870400013001020500022001150820019001371000025001562450099001812600049002803000021003295040050003506500017004004399365OSt20190109182122.0930526s1992 cou b 000 0 eng  a 92085283  a0891097139 aDLCcDLC00aBV4400b.P67 199200a253220bP958c1 aPrior, David,d1940-10aCreating community :ban every-member approach to ministry in the local church /cDavid Prior. aColorado Springs, Colo. :bNavPress,cc1992. a233 p. ;c22 cm. aIncludes bibliographical references (p. 233). 0aChurch work.